000 00285nam a22001337a 4500
008 170802b xxu||||| |||| 00| 0 eng d
020 _a9781578202270
041 _aeng
080 _a004
100 _a32
101 _aSHKI
245 _aFINAL CUT PRO 4
_cWOLSKY, T
942 _2udc
_cBK
999 _c22583
_d22583